Joint Memorandum to Parliament Submitted by Ken Ofori-Atta (Minister for Finance ) and Hon. Albert Kan-Dapaah (Minister for National Security) For the approval of the commerical contract, facility agreements and tax exemption for the implementation of the Integrated National Security Communications Enchancement (ALPHA ) Project (Phase II) (Record no. 5863)

MARC details
000 -LEADER
fixed length control field 01130nam a22001817a 4500
003 - CONTROL NUMBER IDENTIFIER
control field OSt
005 - DATE AND TIME OF LATEST TRANSACTION
control field 20251223111249.0
008 - FIXED-LENGTH DATA ELEMENTS--GENERAL INFORMATION
fixed length control field 251223b |||||||| |||| 00| 0 eng d
041 ## - LANGUAGE CODE
Language code of text/sound track or separate title English
082 ## - DEWEY DECIMAL CLASSIFICATION NUMBER
Classification number PM/ALPHA/19 Acc. 12,076
100 ## - MAIN ENTRY--PERSONAL NAME
Personal name OFORI-ATTA, Ken and KAN-DAPAAH, Albert
110 ## - MAIN ENTRY--CORPORATE NAME
Corporate name or jurisdiction name as entry element Parliament of Ghana
245 ## - TITLE STATEMENT
Title Joint Memorandum to Parliament Submitted by Ken Ofori-Atta (Minister for Finance ) and Hon. Albert Kan-Dapaah (Minister for National Security) For the approval of the commerical contract, facility agreements and tax exemption for the implementation of the Integrated National Security Communications Enchancement (ALPHA ) Project (Phase II)
260 ## - PUBLICATION, DISTRIBUTION, ETC.
Place of publication, distribution, etc. Accra:
Name of publisher, distributor, etc. Parliament of Ghana,
Date of publication, distribution, etc. 2019.
300 ## - PHYSICAL DESCRIPTION
Extent 9p. : tab.;
653 ## - INDEX TERM--UNCONTROLLED
Uncontrolled term Joint Memorandum to Parliament Submitted by Ken Ofori-Atta (Minister for Finance ) and Hon. Albert Kan-Dapaah (Minister for National Security) For the approval of the commerical contract, facility agreements and tax exemption for the implementation of the Integrated National Security Communications Enchancement (ALPHA ) Project (Phase II)
942 ## - ADDED ENTRY ELEMENTS (KOHA)
Source of classification or shelving scheme Dewey Decimal Classification
Koha item type Agreements
Suppress in OPAC No
Holdings
Withdrawn status Lost status Source of classification or shelving scheme Damaged status Not for loan Home library Current library Shelving location Date acquired Total checkouts Full call number Date last seen Copy number Price effective from Koha item type
    Dewey Decimal Classification     Main Library Main Library Open Shelves 23/12/2025   PM/ALPHA/ 19 Acc. No.12,076 23/12/2025 C1 23/12/2025 Agreements
    Dewey Decimal Classification     Main Library Main Library Open Shelves 23/12/2025   PM/ALPHA/19 Acc, No 12,077 23/12/2025 C2 23/12/2025 Agreements
©2026  Parliament of Ghana Library - All rights reserved